000
00368nam a2200169Ia 4500
008
240830s1926 xx 000 0 und d
041
_a
mar
082
_a
1
100
_a
GODBOLE V.
245
_a
NIGHANTU RATNAKAR-1
250
_a
1
260
_a
SANGAI
_b
N.D.
_c
1926
300
_a
100p
440
_v
I
906
_a
NIGHANTU RATNAKAR-1
999
_c
1183925
_d
1183925